000 00746nam a2200265Ia 4500
003 OSt
005 20220923214605.0
006 a|||||r|||| 00| 0
007 ta
008 220922b |||||||| |||| 00| 0 hin d
024 _a171,140
037 _cTextual
040 _aARTS
_cARTS
_bhin
041 _2hin
_ahin
082 _aO152,3N14,JS, K3;L7
100 _aयशपाल
245 0 _aझूठा सच
246 _aZūṭhā sacha
250 _aसंस्क0 4
260 _aलखनऊ
_b विप्लव
_c1977
300 _a482पृ.
_ccm.
650 _aहिन्दी साहित्य
_9156264
942 _hO152,3N14,JS, K3;L7
_cTEXL
_2CC
999 _c325365
_d325365